[Event "O Pohár mìsta Øíèany 2014 - OPEN A"]
[Site "Øíèany"]
[Date "2014.08.25"]
[Round "4.1"]
[White "Bednar, Marcel"]
[Black "Vanka, Miloslav"]
[Result "1/2-1/2"]
[WhiteElo "2300"]
[BlackElo "2135"]
[PlyCount "97"]

1. d4 f5 2. g3 Nf6 3. Bg2 d5 4. c4 e6 5. Qb3 c6 6. Nh3 Bd6 7. O-O O-O 8. Bf4
Kh8 9. Nd2 b6 10. Nf3 Bb7 11. c5 Bc7 12. Rac1 Ne4 13. Bxc7 Qxc7 14. Nf4 Bc8 15.
Nd3 Nd7 16. cxb6 axb6 17. Nde5 c5 18. Rc2 Qd6 19. a3 Kg8 20. Qb5 Ra7 21. Qc6
Nxe5 22. Nxe5 Rc7 23. Qxd6 Nxd6 24. a4 c4 25. b3 Ba6 26. Rb1 Rfc8 27. Bf1 Nf7
28. Nf3 cxb3 29. Rxc7 Rxc7 30. Rxb3 Rc6 31. h4 Kf8 32. e3 Bxf1 33. Kxf1 Ke7 34.
Ke2 g6 35. Kd3 Rc4 36. a5 bxa5 37. Rb7+ Kf6 38. Rxf7+ Kxf7 39. Ne5+ Kf6 40.
Nxc4 dxc4+ 41. Kxc4 e5 42. d5 Ke7 43. f3 e4 44. fxe4 fxe4 45. Kb5 Kd6 46. Kxa5
Kxd5 47. Kb4 h5 48. Kb5 Ke5 49. Kc4 1/2-1/2

[Event "O Pohár mìsta Øíèany 2014 - OPEN A"]
[Site "Øíèany"]
[Date "2014.08.25"]
[Round "4.2"]
[White "Starek, Stanislav"]
[Black "Kulhanek, Tomas"]
[Result "1/2-1/2"]
[WhiteElo "2123"]
[BlackElo "2333"]
[PlyCount "39"]

1. e4 c5 2. c4 Nc6 3. Nc3 g6 4. g3 Bg7 5. Bg2 d6 6. Nge2 e6 7. d3 Nge7 8. Be3
Nd4 9. Qd2 O-O 10. h3 h5 11. g4 hxg4 12. h4 Nxe2 13. Nxe2 f6 14. h5 Bd7 15. h6
Bh8 16. h7+ Kf7 17. Bh6 Re8 18. f3 d5 19. fxg4 dxc4 20. dxc4 1/2-1/2

[Event "O Pohár mìsta Øíèany 2014 - OPEN A"]
[Site "Øíèany"]
[Date "2014.08.25"]
[Round "4.3"]
[White "Gregor, Jiri"]
[Black "Hradecky, Ivo"]
[Result "1-0"]
[WhiteElo "2262"]
[BlackElo "2090"]
[PlyCount "83"]

1. d4 Nf6 2. c4 c5 3. d5 e6 4. Nc3 exd5 5. cxd5 d6 6. e4 g6 7. h3 Bg7 8. Nf3 a6
9. a4 Nbd7 10. Bf4 Qe7 11. Nd2 O-O 12. Be2 Ne8 13. O-O Ne5 14. Bg3 g5 15. Re1
Ng6 16. Nc4 Rb8 17. a5 Bd7 18. Bg4 Bb5 19. Ne3 Be5 20. Nf5 Qf6 21. Qb3 Bd3 22.
Be2 Bxe2 23. Nxe2 Bxb2 24. Nh6+ Kh8 25. Rab1 Be5 26. Qb6 Nf4 27. Ng4 Qe7 28.
Nxe5 Qxe5 29. Qa7 Nf6 30. Bh2 Nxe4 31. Ng3 f5 32. Rxb7 Rxb7 33. Qxb7 Qc3 34.
Qb1 Nd3 35. Re3 Nexf2 36. Ne2 Qd2 37. Re7 Ne4 38. Kf1 Kg8 39. Qa1 Nb2 40. Rb7
Qe3 41. Bg1 Nd2+ 42. Ke1 1-0

[Event "O Pohár mìsta Øíèany 2014 - OPEN A"]
[Site "Øíèany"]
[Date "2014.08.25"]
[Round "4.4"]
[White "Vyprachticky, David"]
[Black "Postupa, Pavel"]
[Result "1/2-1/2"]
[WhiteElo "2121"]
[BlackElo "2260"]
[PlyCount "96"]

1. d4 Nf6 2. c4 g6 3. Nc3 d5 4. cxd5 Nxd5 5. e4 Nxc3 6. bxc3 Bg7 7. Nf3 c5 8.
Be3 Nc6 9. Rc1 Qa5 10. Qd2 cxd4 11. cxd4 Qxd2+ 12. Kxd2 O-O 13. d5 Rd8 14. Kc2
Na5 15. Bg5 Kf8 16. Kb1 f5 17. Rc7 Rd7 18. Rxd7 Bxd7 19. e5 Rc8 20. Be3 f4 21.
Bxf4 Bf5+ 22. Ka1 Rc5 23. Be2 Rxd5 24. Rd1 Rxd1+ 25. Bxd1 Nc6 26. Kb2 h6 27. h4
Be4 28. Kc3 Bd5 29. Bb3 Bxf3 30. gxf3 Nxe5 31. Bd5 g5 32. Bxe5 Bxe5+ 33. Kd3
gxh4 34. Bxb7 h3 35. Ke2 h2 36. f4 Bxf4 37. Kf1 Kg7 38. Kg2 Kf6 39. f3 Ke5 40.
Kh1 Kd4 41. Kg2 Ke3 42. Bd5 Kd4 43. Bb7 a5 44. Bc8 a4 45. Bd7 a3 46. Bc8 Kc3
47. Bb7 Kd2 48. Bc6 Ke3 1/2-1/2

[Event "O Pohár mìsta Øíèany 2014 - OPEN A"]
[Site "Øíèany"]
[Date "2014.08.25"]
[Round "4.5"]
[White "Balacek, Tadeas"]
[Black "Hrdina, Robin"]
[Result "1/2-1/2"]
[WhiteElo "2237"]
[BlackElo "2077"]
[PlyCount "29"]

1. e4 c5 2. Nf3 e6 3. g3 Nc6 4. Bg2 Nf6 5. Qe2 d6 6. O-O Be7 7. c3 O-O 8. Rd1
Qc7 9. d4 cxd4 10. cxd4 d5 11. e5 Ne4 12. Nbd2 Nxd2 13. Bxd2 Qb6 14. Bc3 Bd7
15. Rac1 1/2-1/2

[Event "O Pohár mìsta Øíèany 2014 - OPEN A"]
[Site "Øíèany"]
[Date "2014.08.25"]
[Round "4.6"]
[White "Skacel, Jan"]
[Black "Cerny, Martin"]
[Result "1/2-1/2"]
[WhiteElo "2075"]
[BlackElo "2184"]
[PlyCount "21"]

1. e4 c5 2. Nf3 e6 3. d4 cxd4 4. Nxd4 Nc6 5. g3 a6 6. Bg2 Qc7 7. O-O Nf6 8. Be3
Be7 9. Nc3 O-O 10. Nb3 d6 11. Na4 1/2-1/2

[Event "O Pohár mìsta Øíèany 2014 - OPEN A"]
[Site "Øíèany"]
[Date "2014.08.25"]
[Round "4.7"]
[White "Kubikova, Hana"]
[Black "Fuskova, Martina"]
[Result "0-1"]
[WhiteElo "2172"]
[BlackElo "1948"]
[PlyCount "62"]

1. d4 Nf6 2. Nf3 e6 3. c4 Bb4+ 4. Nbd2 b6 5. g3 Bb7 6. Bg2 O-O 7. O-O Be7 8.
Qc2 c5 9. e4 d5 10. cxd5 exd5 11. e5 Nfd7 12. Re1 Nc6 13. a3 Rc8 14. Qf5 g6 15.
Qh3 Qc7 16. Nf1 cxd4 17. Bf4 Nc5 18. e6 Qd8 19. b4 Nxe6 20. Rxe6 fxe6 21. Qxe6+
Kh8 22. b5 Na5 23. Nxd4 Bf6 24. Rd1 Re8 25. Qg4 Rc4 26. Be3 Nb3 27. Nd2 Bc8 28.
Qf3 Nxd4 29. Qxf6+ Qxf6 30. Nxc4 dxc4 31. Rxd4 Rd8 0-1

[Event "O Pohár mìsta Øíèany 2014 - OPEN A"]
[Site "Øíèany"]
[Date "2014.08.25"]
[Round "4.8"]
[White "Dungl, Martin"]
[Black "Moravec, Vit"]
[Result "1/2-1/2"]
[WhiteElo "2093"]
[BlackElo "2162"]
[PlyCount "91"]

1. d4 Nf6 2. c4 e6 3. Nc3 Bb4 4. e3 c5 5. Nge2 cxd4 6. exd4 d5 7. c5 O-O 8. a3
Ba5 9. Bf4 a6 10. g3 Nc6 11. Bg2 e5 12. dxe5 d4 13. exf6 Qxf6 14. b4 dxc3 15.
bxa5 c2 16. Qc1 Re8 17. Ra2 Rxe2+ 18. Kxe2 Qe6+ 19. Qe3 c1=Q 20. Rxc1 Qxa2+ 21.
Kf1 Be6 22. Qc3 Bd5 23. Rd1 Bxg2+ 24. Kxg2 Qe6 25. h3 Rd8 26. Rxd8+ Nxd8 27.
Qe5 Qxe5 28. Bxe5 Kf8 29. Kf3 Ne6 30. Ke4 Ke7 31. Kd5 Kd7 32. f4 g6 33. g4 Nd8
34. Bd4 Nc6 35. Bc3 Ke7 36. f5 Kd7 37. f6 Nd8 38. Bd2 Ne6 39. h4 Nc7+ 40. Ke5
Kc6 41. Be3 Ne6 42. h5 Nxc5 43. hxg6 hxg6 44. Bxc5 Kxc5 45. g5 Kc6 46. Ke4
1/2-1/2

[Event "O Pohár mìsta Øíèany 2014 - OPEN A"]
[Site "Øíèany"]
[Date "2014.08.25"]
[Round "4.9"]
[White "Korsa, Jindrich"]
[Black "Voracek, Zdenek"]
[Result "1-0"]
[WhiteElo "2134"]
[BlackElo "2020"]
[PlyCount "47"]

1. e4 Nf6 2. e5 Nd5 3. d4 d6 4. c4 Nb6 5. f4 Bf5 6. Nc3 e6 7. Nf3 dxe5 8. fxe5
Bb4 9. Bd3 Bg4 10. Be3 c5 11. dxc5 N6d7 12. O-O Bxc3 13. bxc3 Nxe5 14. Qa4+ Qd7
15. Qxd7+ Nexd7 16. Rab1 Nc6 17. Rxb7 O-O-O 18. Rfb1 Bh5 19. Be4 Bg6 20. Bxc6
Bxb1 21. Rxb1 f6 22. Nd4 Nb8 23. Bb7+ Kd7 24. c6+ 1-0

[Event "O Pohár mìsta Øíèany 2014 - OPEN A"]
[Site "Øíèany"]
[Date "2014.08.25"]
[Round "4.10"]
[White "Vavrinec, Tomas"]
[Black "Svatos, Jan"]
[Result "1/2-1/2"]
[WhiteElo "2044"]
[BlackElo "2233"]
[PlyCount "94"]

1. Nf3 Nf6 2. c4 g6 3. g3 Bg7 4. Bg2 O-O 5. O-O d6 6. Nc3 e5 7. d3 c6 8. Rb1 a5
9. a3 Na6 10. b4 axb4 11. axb4 Re8 12. b5 Nc7 13. bxc6 bxc6 14. Bb2 d5 15. cxd5
cxd5 16. Na4 Nd7 17. Qc2 Ba6 18. Rfc1 Rc8 19. Qb3 e4 20. Nd4 Rb8 21. Qa3 Rxb2
22. Qxb2 Nb5 23. e3 Nxd4 24. exd4 Bxd3 25. Ra1 Qf6 26. Qb7 Nf8 27. Nc5 Qxd4 28.
Ra7 Qf6 29. Qxd5 Re5 30. Qb7 Bh6 31. Nxd3 exd3 32. Rd1 d2 33. Raa1 Qe6 34. Qb1
Re2 35. Bf1 Rxf2 36. Kxf2 Be3+ 37. Kf3 Bd4 38. Ra3 g5 39. Qe4 Qf6+ 40. Ke2 Qf2+
41. Kd3 Ne6 42. Qa8+ Kg7 43. Rxd2 Qxf1+ 44. Kc2 Qc4+ 45. Kd1 Qf1+ 46. Kc2 Qc4+
47. Kd1 Qf1+ 1/2-1/2

[Event "O Pohár mìsta Øíèany 2014 - OPEN A"]
[Site "Øíèany"]
[Date "2014.08.25"]
[Round "4.11"]
[White "Vojta, Pavel"]
[Black "Kolasin, Jan"]
[Result "1/2-1/2"]
[WhiteElo "2225"]
[BlackElo "2008"]
[PlyCount "30"]

1. d4 Nf6 2. Nf3 g6 3. c4 Bg7 4. Nc3 O-O 5. e4 d6 6. h3 Nc6 7. Be3 e5 8. d5 Ne7
9. Be2 Ne8 10. Qc2 f5 11. O-O-O a6 12. g4 f4 13. Bd2 c6 14. Kb1 h6 15. Be1 c5
1/2-1/2

[Event "O Pohár mìsta Øíèany 2014 - OPEN A"]
[Site "Øíèany"]
[Date "2014.08.25"]
[Round "4.12"]
[White "Krivanek, Vladimir"]
[Black "Hurtak, Otto"]
[Result "1-0"]
[WhiteElo "2157"]
[BlackElo "1995"]
[PlyCount "55"]

1. d4 Nf6 2. c4 e6 3. Nf3 Bb4+ 4. Nbd2 O-O 5. Qb3 c5 6. e3 Nc6 7. Be2 cxd4 8.
exd4 d5 9. O-O b6 10. cxd5 Nxd5 11. a3 Be7 12. Bb5 Bb7 13. Nc4 Bf6 14. Bxc6
Bxc6 15. Nce5 Bb7 16. Bd2 Rc8 17. Rac1 Qd6 18. Ng4 Be7 19. Nfe5 Rxc1 20. Rxc1
Kh8 21. Qh3 Nf6 22. Bb4 Qd8 23. Nxf7+ Rxf7 24. Ne5 Kg8 25. Qxe6 Qf8 26. Qxf7+
Qxf7 27. Nxf7 Bxb4 28. axb4 1-0

[Event "O Pohár mìsta Øíèany 2014 - OPEN A"]
[Site "Øíèany"]
[Date "2014.08.25"]
[Round "4.13"]
[White "Skalicky, Tomas"]
[Black "Rut, Vojtech"]
[Result "0-1"]
[WhiteElo "2024"]
[BlackElo "2119"]
[PlyCount "50"]

1. c4 f5 2. g3 Nf6 3. Bg2 g6 4. Nc3 d6 5. d3 Bg7 6. e3 e5 7. Nge2 O-O 8. O-O c6
9. Rb1 Be6 10. b4 a6 11. a4 Nbd7 12. b5 axb5 13. axb5 Qc7 14. Bb2 Rfe8 15. e4
Nc5 16. f3 d5 17. bxc6 bxc6 18. cxd5 cxd5 19. exd5 Nxd5 20. Nxd5 Bxd5 21. d4
exd4 22. Nxd4 Bc4 23. Re1 Nd3 24. Rxe8+ Rxe8 25. Qa4 Rb8 0-1

[Event "O Pohár mìsta Øíèany 2014 - OPEN A"]
[Site "Øíèany"]
[Date "2014.08.25"]
[Round "4.14"]
[White "Havelka, Josef"]
[Black "Pospisil, Evzen"]
[Result "1/2-1/2"]
[WhiteElo "2019"]
[BlackElo "2104"]
[PlyCount "58"]

1. d4 Nf6 2. c4 e6 3. Nf3 b6 4. e3 Bb7 5. Nbd2 Be7 6. Bd3 d5 7. b3 Nbd7 8. Bb2
O-O 9. O-O c5 10. Qc2 h6 11. Rac1 Rc8 12. Qb1 Rc7 13. a3 Qa8 14. cxd5 Nxd5 15.
dxc5 Nxc5 16. Bc4 Rfc8 17. Be5 Rd7 18. b4 Na6 19. Rfd1 Nac7 20. Qb2 Bf8 21. Nd4
Ne8 22. e4 Ndf6 23. f3 Bd6 24. Bxd6 Nxd6 25. Bb3 e5 26. Ne2 Rxc1 27. Rxc1 Qe8
28. Nc3 Qe7 29. Nf1 Rc7 1/2-1/2

[Event "O Pohár mìsta Øíèany 2014 - OPEN A"]
[Site "Øíèany"]
[Date "2014.08.25"]
[Round "4.15"]
[White "Postupa, Martin"]
[Black "Postupa st., Pavel"]
[Result "1/2-1/2"]
[WhiteElo "2085"]
[BlackElo "1981"]
[PlyCount "161"]

1. e4 c5 2. Nc3 Nc6 3. g3 g6 4. Bg2 Bg7 5. d3 d6 6. Be3 Rb8 7. a4 e6 8. Nge2
Nd4 9. O-O Ne7 10. Qd2 O-O 11. Rae1 Nec6 12. Nd1 Bd7 13. Nc1 Ne5 14. f4 Ng4 15.
c3 Nc6 16. h3 Nxe3 17. Nxe3 Ne7 18. b3 a6 19. g4 f5 20. exf5 gxf5 21. g5 b5 22.
axb5 axb5 23. h4 Qa5 24. Ne2 b4 25. c4 Nc6 26. Rb1 Bc3 27. Qc1 Nd4 28. Rf2 Kg7
29. Kh1 Nxe2 30. Rxe2 Qc7 31. Nf1 Qc8 32. Qe3 e5 33. Ng3 Be8 34. Rf1 Rb6 35.
Qf3 Bc6 36. Qh5 Qe6 37. Bxc6 Rxc6 38. Qf3 Rc7 39. Nh5+ Kh8 40. fxe5 dxe5 41.
Nf4 Qd6 42. Nd5 Rd7 43. Qh3 f4 44. Rg2 Rdf7 45. h5 Bd4 46. g6 Rg7 47. gxh7 Rxh7
48. Qg4 Qh6 49. Rh2 Rg8 50. Qf5 Qg7 51. Qf6 e4 52. Qxg7+ Rhxg7 53. Rh3 Rg3 54.
Rxg3 fxg3 55. Kg2 exd3 56. Rf3 Rg5 57. Rxd3 Be5 58. Ne7 Kg7 59. Ng6 Rxh5 60.
Nxe5 Rxe5 61. Kxg3 Kf6 62. Kf4 Rf5+ 63. Ke4 Re5+ 64. Kf4 Rf5+ 65. Ke3 Ke6 66.
Kd2 Rf2+ 67. Kc1 Rf5 68. Re3+ Kd6 69. Kc2 Rf2+ 70. Kd3 Rb2 71. Ke4 Rd2 72. Rg3
Re2+ 73. Kd3 Rh2 74. Ke4 Re2+ 75. Kf4 Rf2+ 76. Ke3 Rb2 77. Ke4 Re2+ 78. Kd3 Rb2
79. Ke4 Re2+ 80. Kd3 Rb2 81. Ke4 1/2-1/2

[Event "O Pohár mìsta Øíèany 2014 - OPEN A"]
[Site "Øíèany"]
[Date "2014.08.25"]
[Round "4.16"]
[White "Kratky, Josef"]
[Black "Lacza, Tibor"]
[Result "1/2-1/2"]
[WhiteElo "2009"]
[BlackElo "2067"]
[PlyCount "141"]

1. e4 d6 2. d4 Nf6 3. Nc3 e5 4. Nf3 exd4 5. Nxd4 Be7 6. Bc4 O-O 7. O-O Nxe4 8.
Nxe4 d5 9. Bd3 dxe4 10. Bxe4 Nd7 11. Bf4 Nf6 12. Bf3 c6 13. Re1 Re8 14. c3 Qb6
15. Qb3 Bg4 16. Bxg4 Nxg4 17. h3 Nf6 18. Nf5 Bc5 19. Qxb6 axb6 20. a3 Ne4 21.
Be3 g6 22. Bxc5 bxc5 23. Ne3 b5 24. Rad1 c4 25. Nc2 Nc5 26. Nb4 Rxe1+ 27. Rxe1
Nd3 28. Nxd3 cxd3 29. Rd1 Rd8 30. b3 c5 31. c4 bxc4 32. bxc4 Rd4 33. Kf1 Kf8
34. Ke1 Ke7 35. Kd2 Rxc4 36. Kxd3 Ra4 37. Ra1 Kd6 38. Kc3 Kc6 39. Ra2 h5 40.
Kb3 Kb5 41. Re2 c4+ 42. Kb2 Ra7 43. Re5+ Kc6 44. g4 Kd6 45. Re3 hxg4 46. hxg4
f6 47. Kc2 Kd5 48. g5 fxg5 49. Rg3 g4 50. Rxg4 Rxa3 51. Rxg6 Rf3 52. Rg5+ Kd4
53. Rg4+ Kc5 54. Rg5+ Kb4 55. Rg2 Ra3 56. Rh2 Ra2+ 57. Kb1 Re2 58. Rh3 Rxf2 59.
Rg3 Rd2 60. Kc1 Ra2 61. Kb1 Re2 62. Kc1 Rh2 63. Rf3 Kc5 64. Rg3 Ra2 65. Rh3
Ra1+ 66. Kc2 Re1 67. Kc3 Re5 68. Rg3 Rd5 69. Rh3 Rd3+ 70. Rxd3 cxd3 71. Kxd3
1/2-1/2

[Event "O Pohár mìsta Øíèany 2014 - OPEN A"]
[Site "Øíèany"]
[Date "2014.08.25"]
[Round "4.17"]
[White "Pycha, Patrik"]
[Black "Simecek, Bohumil"]
[Result "1-0"]
[WhiteElo "2002"]
[BlackElo "2058"]
[PlyCount "127"]

1. e4 e5 2. Nf3 d6 3. d4 Nf6 4. Nc3 Nbd7 5. dxe5 dxe5 6. Bc4 Be7 7. Bxf7+ Kxf7
8. Ng5+ Kg6 9. Ne6 Qg8 10. Nxc7 Rb8 11. O-O Qd8 12. N3d5 Nxd5 13. Ne6 Qg8 14.
Qg4+ Kf7 15. exd5 Nf6 16. Qf5 Bd6 17. f4 e4 18. b3 Ke7 19. Bb2 e3 20. Be5 Bxe6
21. Bxd6+ Kxd6 22. Qe5+ Kd7 23. dxe6+ Qxe6 24. Rad1+ Ke7 25. Qc7+ Nd7 26. f5
Qc6 27. Qg3 Kf7 28. Qxe3 Nb6 29. c4 Rbd8 30. Rde1 Rhe8 31. Qg5 Qf6 32. Qh5+ Kf8
33. Qxh7 Qh6 34. Qxh6 gxh6 35. Re6 Rxe6 36. fxe6+ Ke7 37. c5 Kxe6 38. cxb6 axb6
39. Re1+ Kf6 40. Kf2 Rd3 41. Re2 b5 42. Rc2 Ke6 43. Ke2 Rd5 44. Rc7 Re5+ 45.
Kf2 Rf5+ 46. Kg1 Kd5 47. Rxb7 Kc5 48. a4 bxa4 49. bxa4 Kd4 50. Rb3 Ra5 51. Ra3
Kc4 52. Kf2 Kb4 53. Rh3 h5 54. Rh4+ Kc3 55. Rf4 Kd3 56. Rb4 Rf5+ 57. Kg3 Rg5+
58. Kh3 Ke3 59. Rb5 Rg4 60. a5 Kf2 61. g3 Ra4 62. Rxh5 Kf3 63. Rf5+ Ke3 64. g4
1-0

[Event "O Pohár mìsta Øíèany 2014 - OPEN A"]
[Site "Øíèany"]
[Date "2014.08.25"]
[Round "4.18"]
[White "Jelinek, Michal"]
[Black "Petras, Milan"]
[Result "0-1"]
[WhiteElo "1946"]
[BlackElo "2046"]
[PlyCount "60"]

1. d4 Nf6 2. c4 g6 3. Nc3 Bg7 4. e4 O-O 5. Nf3 d6 6. Be2 e5 7. O-O Nc6 8. d5
Ne7 9. Ne1 Ne8 10. Nd3 f5 11. Bd2 Nf6 12. f3 f4 13. c5 g5 14. Rc1 Rf7 15. Nb5
Bf8 16. Ba5 Ng6 17. Qd2 g4 18. Nxc7 Rxc7 19. Bxc7 Qxc7 20. Rc2 g3 21. hxg3 Nh5
22. gxf4 Ngxf4 23. Nxf4 Nxf4 24. g3 Bh6 25. Qe1 Qg7 26. Kh1 Nh3 27. cxd6 Be3
28. Bb5 Qh6 29. Kg2 Nf4+ 30. gxf4 Qh3# 0-1

[Event "O Pohár mìsta Øíèany 2014 - OPEN A"]
[Site "Øíèany"]
[Date "2014.08.25"]
[Round "4.19"]
[White "Kohout, Vratislav"]
[Black "Forman, Miroslav"]
[Result "1-0"]
[WhiteElo "2111"]
[BlackElo "1926"]
[PlyCount "131"]

1. d4 Nf6 2. Nf3 c6 3. Bf4 d6 4. c4 Bg4 5. Nc3 Qa5 6. Qb3 b6 7. e3 Bxf3 8. gxf3
e5 9. dxe5 dxe5 10. Bg3 Bb4 11. Bxe5 Nbd7 12. Bd4 c5 13. Bxf6 Nxf6 14. Rc1 O-O
15. a3 Bxc3+ 16. Qxc3 Qxc3+ 17. Rxc3 Rad8 18. Rd3 Nd7 19. Be2 Ne5 20. Rd5 f6
21. O-O Rxd5 22. cxd5 g5 23. Kg2 Rd8 24. Rd1 Rd6 25. Kg3 Ng6 26. Kg4 Ne7 27. f4
h6 28. fxg5 hxg5 29. h4 gxh4 30. Kxh4 Kg7 31. e4 f5 32. f3 Kf6 33. Kg3 fxe4 34.
fxe4 Ke5 35. Kf3 Ng6 36. Ke3 Nf4 37. Bf3 b5 38. Rg1 Rg6 39. Rxg6 Nxg6 40. Be2
b4 41. a4 Kd6 42. a5 Ne5 43. b3 Nf7 44. Kf4 Ne5 45. Kf5 Nd7 46. Bb5 Ne5 47. Kf4
Ng6+ 48. Kg5 Ne5 49. Kf5 Nf7 50. Kf6 Ne5 51. Be2 Nd7+ 52. Kf7 Ne5+ 53. Kf6 Nd7+
54. Kf5 Ne5 55. Bb5 Nf3 56. Kf6 Ne5 57. Be8 Nf3 58. Bh5 Ne5 59. Be2 Nd7+ 60.
Kf7 Ne5+ 61. Ke8 Ng6 62. Kd8 Ke5 63. Kc7 Nf4 64. Bc4 Nh5 65. d6 Nf6 66. d7 1-0

[Event "O Pohár mìsta Øíèany 2014 - OPEN A"]
[Site "Øíèany"]
[Date "2014.08.25"]
[Round "4.20"]
[White "Krejci, Martin"]
[Black "Hadrava, Jaroslav"]
[Result "1-0"]
[WhiteElo "2059"]
[BlackElo "1918"]
[PlyCount "119"]

1. e4 e5 2. Nf3 Nc6 3. Bb5 f5 4. d3 Nf6 5. Nc3 Bc5 6. h3 d6 7. exf5 Bxf5 8. Bg5
Qd7 9. Bxf6 gxf6 10. Ne4 Bxe4 11. dxe4 O-O-O 12. Qe2 f5 13. O-O-O Qf7 14. Kb1
Nd4 15. Nxd4 Bxd4 16. Bc4 Qg7 17. Be6+ Kb8 18. exf5 Qxg2 19. Rdf1 Rdf8 20. c3
Bb6 21. Qg4 Qc6 22. Rhg1 d5 23. Qe2 e4 24. Rg7 Qc4 25. Qxc4 dxc4 26. Re1 Bxf2
27. Rxe4 b5 28. Rf4 Be3 29. Rf3 Bh6 30. Rd7 Rf6 31. Kc2 Kb7 32. Rg3 Bf4 33.
Rgg7 Rh6 34. Rg4 Be5 35. Re4 Bf6 36. Re3 Rf8 37. b3 Bg5 38. Rg3 Bf4 39. Rg4 Be5
40. Rd5 Bf6 41. Rxb5+ Kc6 42. a4 Rxh3 43. Rxc4+ Kd6 44. Rd5+ Ke7 45. Rxc7+ Ke8
46. Rc8+ Bd8 47. Rdxd8+ Ke7 48. Rd7+ Kf6 49. Rxf8+ Ke5 50. Rxa7 Ke4 51. b4 h5
52. Rh7 Rh2+ 53. Kb3 Rh1 54. Kc4 Ke5 55. Rfh8 Rh4+ 56. Kc5 Rh3 57. c4 Rf3 58.
b5 h4 59. b6 Rb3 60. Rb7 1-0

[Event "O Pohár mìsta Øíèany 2014 - OPEN A"]
[Site "Øíèany"]
[Date "2014.08.25"]
[Round "4.21"]
[White "Vrtiakova, Anna"]
[Black "Vecera, Petr"]
[Result "1/2-1/2"]
[WhiteElo "1954"]
[BlackElo "2045"]
[PlyCount "103"]

1. e4 c5 2. Nf3 g6 3. d4 cxd4 4. Nxd4 Bg7 5. Nc3 Nc6 6. Be3 Nf6 7. Be2 O-O 8.
O-O d5 9. exd5 Nxd5 10. Nxd5 Nxd4 11. Bxd4 Qxd5 12. Bxg7 Qxd1 13. Rfxd1 Kxg7
14. Bf3 Bf5 15. c4 Rac8 16. b3 b6 17. Rd2 Rcd8 18. Rad1 Rxd2 19. Rxd2 Kf6 20.
Kf1 e5 21. Bd5 g5 22. Ke2 Ke7 23. Ke1 Bg6 24. Re2 Kd6 25. Rd2 Ke7 26. Re2 f6
27. a3 a5 28. Kd2 b5 29. Kc3 bxc4 30. bxc4 Rb8 31. Rb2 Rxb2 32. Kxb2 Kd6 33.
Kc3 Kc5 34. Be6 f5 35. Bd5 e4 36. Be6 f4 37. Bd5 e3 38. fxe3 fxe3 39. Bf3 h6
40. Be2 Be4 41. g3 Bf5 42. Bf3 Bg6 43. Bg4 h5 44. Bf3 g4 45. Bd5 a4 46. Be6 Be4
47. Bf7 e2 48. Kd2 Bf3 49. Be8 Kxc4 50. Bxa4 Kd4 51. Be8 h4 52. Bd7 1/2-1/2

[Event "O Pohár mìsta Øíèany 2014 - OPEN A"]
[Site "Øíèany"]
[Date "2014.08.25"]
[Round "4.22"]
[White "Horyna, Josef"]
[Black "Matejovsky, Ondrej"]
[Result "0-1"]
[WhiteElo "1854"]
[BlackElo "2014"]
[PlyCount "138"]

1. d4 d5 2. Nf3 Nf6 3. g3 c6 4. Bg2 Bf5 5. O-O e6 6. Nbd2 Nbd7 7. c4 h6 8. b3
Ne4 9. Nxe4 Bxe4 10. a4 Qa5 11. Bd2 Bb4 12. Rc1 Nf6 13. c5 Bh7 14. Qe1 Bxd2 15.
Qxd2 Qxd2 16. Nxd2 a5 17. f3 O-O 18. h4 Nd7 19. f4 Nf6 20. Bf3 Bf5 21. Rc3 Rfd8
22. Kg2 Be4 23. e3 Rdb8 24. g4 Bxf3+ 25. Kxf3 h5 26. gxh5 Nxh5 27. Rg1 g6 28.
e4 Ng7 29. Ke3 Rd8 30. Nf3 dxe4 31. Kxe4 Rd5 32. Rg5 Rad8 33. Rxd5 exd5+ 34.
Ke3 Re8+ 35. Kf2 Nf5 36. b4 axb4 37. Rb3 Re4 38. Rxb4 Rxf4 39. Ke2 Re4+ 40. Kd2
Nxh4 41. Nxh4 Rxh4 42. a5 Re4 43. Rxb7 Rxd4+ 44. Ke3 Ra4 45. Rc7 Rxa5 46. Rxc6
Ra4 47. Rc8+ Kg7 48. c6 Rc4 49. Kf3 Kf6 50. c7 Kf5 51. Rd8 Rc3+ 52. Kg2 Rxc7
53. Rxd5+ Ke4 54. Ra5 f5 55. Ra6 g5 56. Ra4+ Kd5 57. Rb4 Rc2+ 58. Kf3 Rc3+ 59.
Kg2 Rc4 60. Rb8 Ke4 61. Rb2 Kf4 62. Ra2 Kg4 63. Rb2 f4 64. Ra2 Re4 65. Kf2 f3
66. Ra8 Re2+ 67. Kf1 Kg3 68. Kg1 g4 69. Ra1 Rh2 0-1

[Event "O Pohár mìsta Øíèany 2014 - OPEN A"]
[Site "Øíèany"]
[Date "2014.08.25"]
[Round "4.23"]
[White "Pychova, Nela"]
[Black "Havelka, Petr"]
[Result "1-0"]
[WhiteElo "2006"]
[BlackElo "1882"]
[PlyCount "60"]

1. e4 d5 2. exd5 Qxd5 3. Nc3 Qd8 4. d4 Nf6 5. Nf3 Bf5 6. Bc4 e6 7. O-O Be7 8.
Bf4 c6 9. h3 Nd5 10. Be5 Bf6 11. Bxd5 exd5 12. Bxf6 Qxf6 13. Re1+ Be6 14. Na4
Na6 15. Ne5 O-O 16. Re3 Rad8 17. Qe2 Bc8 18. Re1 Nc7 19. Nc5 Ne6 20. Nxe6 Bxe6
21. Ra3 a6 22. Rf3 Qh4 23. c3 Rd6 24. Qe3 Qh5 25. Qf4 Rfd8 26. Rg3 Qf5 27. Qh6
g6 28. Ng4 f6 29. Rf3 Qg5 30. Qxg5 fxg5 1-0

[Event "O Pohár mìsta Øíèany 2014 - OPEN A"]
[Site "Øíèany"]
[Date "2014.08.25"]
[Round "4.24"]
[White "Pavlicek, Petr"]
[Black "Skala, Jaromir"]
[Result "1/2-1/2"]
[WhiteElo "1894"]
[BlackElo "2006"]
[PlyCount "64"]

1. d4 Nf6 2. c4 g6 3. g3 d6 4. Nf3 Bg7 5. Bg2 O-O 6. Nc3 Nbd7 7. O-O e5 8. e4
c6 9. h3 Qc7 10. Be3 a5 11. Rc1 Re8 12. Re1 exd4 13. Nxd4 Ne5 14. b3 h6 15. f4
Ned7 16. Bf2 Nh7 17. Rc2 Ndf8 18. Na4 Bd7 19. Nf3 c5 20. Nc3 Bc6 21. Nd5 Bxd5
22. Qxd5 Nf6 23. Qd3 Rad8 24. Rce2 N6d7 25. Nd2 Nb8 26. Nb1 Nc6 27. Nc3 Bxc3
28. Qxc3 Ne6 29. Qf6 Ned4 30. Rd2 Qe7 31. Qxe7 Rxe7 32. g4 g5 1/2-1/2

[Event "O Pohár mìsta Øíèany 2014 - OPEN A"]
[Site "Øíèany"]
[Date "2014.08.25"]
[Round "4.26"]
[White "Petr, Jakub"]
[Black "Hanl, Frantisek"]
[Result "1-0"]
[WhiteElo "1657"]
[BlackElo "1972"]
[PlyCount "113"]

1. e4 c5 2. Nf3 Nc6 3. Bb5 Nd4 4. Nxd4 cxd4 5. O-O g6 6. d3 Bg7 7. Nd2 e6 8. f4
Ne7 9. Nf3 O-O 10. Qe1 a6 11. Ba4 b5 12. Bb3 Qb6 13. Qh4 Nc6 14. f5 Qd8 15. Bg5
f6 16. Bh6 Na5 17. Bxg7 Kxg7 18. Nxd4 e5 19. Bd5 Bb7 20. Bxb7 Nxb7 21. Ne2 Rc8
22. c3 d5 23. Rf3 dxe4 24. Qxe4 Nd6 25. Qg4 Qe7 26. Ng3 Nf7 27. Nh5+ Kh8 28.
Nxf6 Qa7+ 29. Kh1 Nh6 30. Qg5 Nxf5 31. Rh3 Rc7 32. Qxg6 Ne3 33. Qg5 Rcf7 34.
Rxe3 Rxf6 35. Qxe5 Qg7 36. Rf3 Rxf3 37. Qxg7+ Kxg7 38. gxf3 Rxf3 39. d4 Rf2 40.
Rb1 Kf6 41. Kg1 Rd2 42. Rf1+ Ke6 43. Rf2 Rd3 44. Kf1 b4 45. Ke2 Rh3 46. c4 Rh4
47. Kd3 a5 48. c5 Kd5 49. Rf5+ Kc6 50. Rf6+ Kc7 51. Rf2 Rh5 52. Kc4 Kd7 53. d5
Rg5 54. c6+ Kd8 55. Kc5 Rg1 56. d6 Rg8 57. Kb6 1-0

[Event "O Pohár mìsta Øíèany 2014 - OPEN A"]
[Site "Øíèany"]
[Date "2014.08.25"]
[Round "4.27"]
[White "Stojkovic, Andreja"]
[Black "Stork, Rostislav"]
[Result "1-0"]
[WhiteElo "1970"]
[BlackElo "1807"]
[PlyCount "73"]

1. c4 Nf6 2. Nc3 g6 3. g3 Bg7 4. Bg2 O-O 5. Nf3 d6 6. O-O e5 7. d4 Nfd7 8. Bg5
f6 9. Bd2 Nc6 10. e3 f5 11. d5 Ne7 12. Qe2 h6 13. b4 g5 14. e4 f4 15. Ne1 Nf6
16. Nd3 Bd7 17. Rab1 Qc8 18. Rfc1 Bh3 19. Qf1 Bxg2 20. Qxg2 Ng6 21. c5 Nh5 22.
f3 fxg3 23. hxg3 Nf6 24. cxd6 cxd6 25. Nd1 Qd8 26. Ne3 Ne7 27. Rc4 Rc8 28. Rbc1
Rxc4 29. Rxc4 Qb6 30. Qh3 Nfxd5 31. exd5 Rxf3 32. Qe6+ Kh7 33. Qxe7 Rxe3 34.
Bxe3 Qxe3+ 35. Nf2 Qe1+ 36. Kg2 Qe2 37. Qf7 1-0

[Event "O Pohár mìsta Øíèany 2014 - OPEN A"]
[Site "Øíèany"]
[Date "2014.08.25"]
[Round "4.29"]
[White "Tejkal, Jiri"]
[Black "Civin, Dominik"]
[Result "1-0"]
[WhiteElo "1941"]
[BlackElo "1609"]
[PlyCount "83"]

1. d4 d5 2. Nf3 Nf6 3. c4 e6 4. cxd5 exd5 5. Bg5 Be6 6. Nc3 Nbd7 7. e3 c5 8.
Bd3 c4 9. Bc2 Bb4 10. O-O O-O 11. Ne2 b5 12. Ne5 Qb6 13. f4 Bg4 14. a3 Bd6 15.
Qe1 Bxe2 16. Qxe2 a5 17. Rf3 Bxe5 18. fxe5 Ne4 19. Bxe4 dxe4 20. Rg3 Ra6 21.
Qg4 f5 22. Qh4 Rf7 23. Bf4 g6 24. d5 Nc5 25. e6 Nxe6 26. dxe6 Qxe6 27. Qd8+ Rf8
28. Qd4 Rfa8 29. h4 R6a7 30. Rd1 b4 31. h5 Rg7 32. Bh6 Rc7 33. hxg6 hxg6 34.
Rh3 Rh7 35. Bf4 Rc8 36. Rxh7 Kxh7 37. Kf2 c3 38. Rh1+ Kg8 39. Rh8+ Kf7 40. Rh7+
Kf8 41. Qg7+ Ke8 42. Rh8+ 1-0